000 01308cam a22002054a 4500
005 20250605163949.0
008 250528s ||||||||||||||||||||||||d
035 _a15300
020 _a136053955
040 _aGR-AtMCL
_bgre
_dGR-AtMCL
_eAACR2
245 1 _aMultinational Finance / Second Edition
250 _a2nd
260 _bPrentice Hall,
_c1992
300 _a708
520 _aThis book presents a theoretical and practical overview of International Corporate Finance. Preface, Introduction, The International Monetary System since 1945, The Foreign Exchange Markets, The Balance of Payments, Theories of Exchange Rate Movements, Financial Accounting and Foreign Exchange, Empirical studies of Foreign Exchange Markets, Information for Exposure Management, Internal Techniques of Exposure Management, External Techniques of Exposure Management, Swaps, Currency Options, International Debt Instruments, Interest Rate Risk, International Capital Budgeting, Political Risk, Economic Exposure Revisited, Corporate Hedging Policies, Project Finance, Exchange Controls, Cash Management, Performance Measurement, Financial Engineering, A Normative Approach to Multinational Finance, Appendices, Glossary, Index.
700 1 _aBuckley Adrian
_91011
942 _cBK
999 _c890
_d890